[Event "Landesliga Sued 1415"]
[Site "Bayern"]
[Date "2015.04.12"]
[Round "9.2"]
[White "Eggerer, Stefan"]
[Black "Schelle, Artur"]
[Result "0-1"]
[WhiteElo "2160"]
[BlackElo "2166"]
[PlyCount "102"]
[EventDate "2014.10.19"]
[EventType "team-tourn"]
[EventRounds "9"]
[EventCountry "GER"]
[SourceTitle "EXT 2018"]
[Source "ChessBase"]
[SourceDate "2017.10.13"]
[SourceVersion "1"]
[SourceVersionDate "2017.10.13"]
[SourceQuality "1"]
[WhiteTeam "Freising"]
[BlackTeam "Muenchen Tarrasch"]
[WhiteTeamCountry "GER"]
[BlackTeamCountry "GER"]

1. e4 d5 2. exd5 Qxd5 3. Nc3 Qd6 4. Nf3 Nf6 5. d4 c6 6. Be2 Bg4 7. 0-0 e6 8. Na4 Nbd7 9. c4 Be7 10. g3 Qc7 11. Bf4 Bd6 12. Be3 0-0 13. c5 Be7 14. Bf4 Qd8 15. Nc3 Nd5 16. Nxd5 exd5 17. Kg2 Re8 18. h3 Bh5 19. b4 Bf6 20. g4 Bg6 21. Qd2 Be4 22. Kg1 h6 23. a4 Nf8 24. Ne5 Bg5 25. Bxg5 hxg5 26. f4 f6 27. Nf3 Qc7 28. Ra3 Ng6 29. Ne1 Nxf4 30. Bd1 Ng6 31. Qh2 Qf7 32. b5 Re6 33. Rb3 Rae8 34. Qg3 Nh4 35. bxc6 bxc6 36. a5 Bg6 37. Rb8 Kh7 38. Rxe8 Qxe8 39. Kf2 Qd8 40. Qc3 Qc7 41. Kg1 Re4 42. Nc2 Rf4 43. Rxf4 Qxf4 44. Nb4 Be4 45. Nxc6 Bf3 46. Bc2+ Kh6 47. Qe1 Bxg4 48. hxg4 Nf3+ 49. Kf1 Nxe1+ 50. Kxe1 Qxg4 51. a6 Qe6+ 0-1

[Event "Landesliga Sued 1314"]
[Site "Bayern"]
[Date "2014.03.16"]
[Round "8.3"]
[White "Kleibel, Uwe"]
[Black "Eggerer, Stefan"]
[Result "0-1"]
[WhiteElo "2180"]
[BlackElo "2173"]
[PlyCount "86"]
[EventDate "2013.10.13"]
[EventType "team-tourn"]
[EventRounds "9"]
[EventCountry "GER"]
[SourceTitle "EXT 2015"]
[Source "ChessBase"]
[SourceDate "2014.11.20"]
[SourceVersion "1"]
[SourceVersionDate "2014.11.20"]
[SourceQuality "1"]
[WhiteTeam "Roehrnbach"]
[BlackTeam "Freising"]
[WhiteTeamCountry "GER"]
[BlackTeamCountry "GER"]

1. Nf3 d6 2. e4 e5 3. c3 Nf6 4. d3 g6 5. Be2 Bg7 6. Nbd2 0-0 7. Nf1 Nc6 8. Ng3 a5 9. h3 d5 10. Qc2 b6 11. Be3 Bb7 12. Rd1 Qe7 13. 0-0 Nb8 14. Rfe1 dxe4 15. dxe4 Nbd7 16. Bc4 Nc5 17. Bg5 Rfd8 18. Bd5 c6 19. Bc4 b5 20. Bf1 a4 21. Nh2 Ne6 22. Bxf6 Bxf6 23. Ng4 Bg7 24. Ne2 h5 25. Nh2 c5 26. Nf3 Rxd1 27. Rxd1 c4 28. g3 Nc5 29. Nd2 Rd8 30. Bg2 Qd6 31. f4 h4 32. gxh4 exf4 33. Bf3 Qf6 34. Nd4 Qxh4 35. Nf1 Nd3 36. b3 axb3 37. axb3 Qxh3 38. Bg2 Qd7 39. Ne2 Qc7 40. bxc4 bxc4 41. Nc1 Qc5+ 42. Kh2 Qh5+ 43. Kg1 f3 0-1

[Event "Landesliga Sued 1314"]
[Site "Bayern"]
[Date "2013.11.24"]
[Round "3.3"]
[White "Sargin, Anatol"]
[Black "Eggerer, Stefan"]
[Result "1/2-1/2"]
[WhiteElo "2173"]
[BlackElo "2173"]
[PlyCount "98"]
[EventDate "2013.10.13"]
[EventType "team-tourn"]
[EventRounds "9"]
[EventCountry "GER"]
[SourceTitle "EXT 2015"]
[Source "ChessBase"]
[SourceDate "2014.11.20"]
[SourceVersion "1"]
[SourceVersionDate "2014.11.20"]
[SourceQuality "1"]
[WhiteTeam "Unterhaching"]
[BlackTeam "Freising"]
[WhiteTeamCountry "GER"]
[BlackTeamCountry "GER"]

1. e4 e5 2. Bc4 Nf6 3. Nc3 Bb4 4. Nf3 d6 5. d3 Be6 6. Bb3 Nc6 7. Bd2 0-0 8. 0-0 Bg4 9. Ne2 Bxf3 10. gxf3 Bxd2 11. Qxd2 d5 12. Rad1 Qd6 13. Kh1 Rad8 14. Rg1 Ne7 15. Ng3 Kh8 16. Qg5 h6 17. Qe3 Qb6 18. Rde1 Ng6 19. Nf5 Rg8 20. Rg3 Qxe3 21. fxe3 c6 22. Reg1 Nh5 23. R3g2 Rd7 24. Re1 a6 25. Kg1 Kh7 26. Kf2 Nf8 27. exd5 cxd5 28. Ng3 Nf6 29. c3 Ne6 30. Ke2 Re8 31. Kd2 Ng5 32. Rf1 Ne6 33. Ne2 g6 34. f4 exf4 35. Nxf4 Nxf4 36. Rxf4 Nh5 37. Rd4 Red8 38. Rf2 f5 39. Ba4 Rd6 40. Rb4 b6 41. Bd1 Ng7 42. Ra4 Ra8 43. Bf3 Ne6 44. Ke2 Ra7 45. Bg2 Kg7 46. Rf1 Kf6 47. Rh4 Kg7 48. Ra4 Kf6 49. Rh4 Kg7 1/2-1/2

[Event "Landesliga Sued 1213"]
[Site "Bayern"]
[Date "2013.02.03"]
[Round "6.3"]
[White "Wolf, Armin"]
[Black "Eggerer, Stefan"]
[Result "1/2-1/2"]
[WhiteElo "2107"]
[BlackElo "2205"]
[PlyCount "133"]
[EventDate "2012.10.14"]
[EventType "team-tourn"]
[EventRounds "9"]
[EventCountry "GER"]
[SourceTitle "EXT 2015"]
[Source "ChessBase"]
[SourceDate "2014.11.20"]
[SourceVersion "1"]
[SourceVersionDate "2014.11.20"]
[SourceQuality "1"]
[WhiteTeam "Haunstetten"]
[BlackTeam "Freising"]
[WhiteTeamCountry "GER"]
[BlackTeamCountry "GER"]

1. e4 e5 2. Nf3 Nc6 3. Bc4 Bc5 4. c3 Qe7 5. d3 d6 6. Bb3 Nf6 7. h3 0-0 8. Nbd2 Be6 9. 0-0 Bxb3 10. Qxb3 a6 11. Re1 Qe6 12. Qxb7 Qd7 13. Qb3 Rfe8 14. Nf1 Re6 15. Ng3 d5 16. Bg5 Rb8 17. Qc2 h6 18. Bxf6 Rxf6 19. Qe2 Ba7 20. Rad1 Re6 21. Nf5 Kh7 22. b3 g6 23. Ne3 Ne7 24. Nxd5 Nxd5 25. exd5 Qxd5 26. Qe4 Qa5 27. Qh4 Kg7 28. d4 Qxa2 29. Rxe5 Qxb3 30. Rxe6 Qxe6 31. Re1 Qd6 32. Qe4 Bb6 33. c4 c5 34. d5 Rb7 35. Qd3 Bd8 36. Nd2 Bf6 37. Nf3 Rb2 38. g3 h5 39. Kg2 a5 40. Qa3 Rb4 41. Qxa5 Rxc4 42. Rd1 Rb4 43. h4 c4 44. Ne1 Rb2 45. Qa4 Bxh4 46. Nc2 Bxg3 47. Qxc4 Bf4 48. Qd4+ Qf6 49. Qxf6+ Kxf6 50. Ne1 Rd2 51. Rxd2 Bxd2 52. Nd3 Kf5 53. f3 Bc3 54. Kg3 g5 55. Kh3 Bd4 56. Kg3 Kg6 57. Kh3 f5 58. Kg3 Kf6 59. f4 Be3 60. fxg5+ Bxg5 61. Ne1 h4+ 62. Kh3 Be3 63. Ng2 Bf2 64. Nxh4 Bxh4 65. Kxh4 Ke5 66. Kg5 Kxd5 67. Kxf5 1/2-1/2

[Event "Landesliga Sued 1213"]
[Site "Bayern"]
[Date "2013.01.13"]
[Round "5.3"]
[White "Eggerer, Stefan"]
[Black "Wood, Christopher Baruch"]
[Result "1/2-1/2"]
[WhiteElo "2205"]
[BlackElo "2130"]
[PlyCount "105"]
[EventDate "2012.10.14"]
[EventType "team-tourn"]
[EventRounds "9"]
[EventCountry "GER"]
[SourceTitle "EXT 2015"]
[Source "ChessBase"]
[SourceDate "2014.11.20"]
[SourceVersion "1"]
[SourceVersionDate "2014.11.20"]
[SourceQuality "1"]
[WhiteTeam "Freising"]
[BlackTeam "Muenchen Suedost"]
[WhiteTeamCountry "GER"]
[BlackTeamCountry "GER"]

1. e4 e6 2. d4 d5 3. Nc3 Bb4 4. Nge2 dxe4 5. a3 Be7 6. Nxe4 Nf6 7. Nxf6+ Bxf6 8. Be3 c5 9. c3 cxd4 10. Nxd4 0-0 11. Be2 Bd7 12. 0-0 Nc6 13. Nb3 Ne7 14. a4 Qc7 15. Bd3 Rfd8 16. Qc2 g6 17. Be4 Bc6 18. Nd4 Bxe4 19. Qxe4 a6 20. Nf3 Rac8 21. Rfd1 Rd5 22. Rxd5 Nxd5 23. Bh6 Qc4 24. Nd2 Qxe4 25. Nxe4 Be7 26. g3 f6 27. h4 Kf7 28. Kf1 e5 29. Ke2 Ke6 30. Nd2 Nb6 31. Be3 Nc4 32. Nxc4 Rxc4 33. Bd2 h5 34. b3 Rc6 35. c4 f5 36. Rd1 Rd6 37. Be3 Rxd1 38. Kxd1 f4 39. gxf4 exf4 40. Bxf4 Bxh4 41. Ke2 Kf5 42. Bd6 Bf6 43. b4 Be5 44. Be7 Ke4 45. b5 Kd4 46. c5 axb5 47. axb5 Kd5 48. Kd3 Bd4 49. c6 bxc6 50. bxc6 Bb6 51. f4 Kxc6 52. Ke4 Kd7 53. f5 1/2-1/2

[Event "Landesliga Sued 1213"]
[Site "Bayern"]
[Date "2012.10.14"]
[Round "1.3"]
[White "Eggerer, Stefan"]
[Black "Geberl, Hans Walter"]
[Result "1/2-1/2"]
[WhiteElo "2205"]
[BlackElo "2184"]
[PlyCount "115"]
[EventDate "2012.10.14"]
[EventType "team-tourn"]
[EventRounds "9"]
[EventCountry "GER"]
[SourceTitle "EXT 2015"]
[Source "ChessBase"]
[SourceDate "2014.11.20"]
[SourceVersion "1"]
[SourceVersionDate "2014.11.20"]
[SourceQuality "1"]
[WhiteTeam "Freising"]
[BlackTeam "Ingolstadt"]
[WhiteTeamCountry "GER"]
[BlackTeamCountry "GER"]

1. e4 c6 2. Nc3 d5 3. d4 dxe4 4. Nxe4 Bf5 5. Nc5 Nd7 6. Nxb7 Qc7 7. Nc5 Nxc5 8. dxc5 Qe5+ 9. Qe2 Qxc5 10. Be3 Qxc2 11. Rc1 Qxe2+ 12. Bxe2 e6 13. Rxc6 Bb4+ 14. Kf1 Ne7 15. Rc4 Nd5 16. g4 Bg6 17. Nf3 Nxe3+ 18. fxe3 Bd6 19. Kf2 h6 20. Rd1 Rd8 21. Bd3 Bxd3 22. Rxd3 0-0 23. Rcd4 Bc7 24. Rxd8 Bxd8 25. e4 Bb6+ 26. Ke2 f5 27. exf5 exf5 28. gxf5 Rxf5 29. Rd7 g5 30. h3 h5 31. Rd2 g4 32. hxg4 hxg4 33. Nh4 Rf6 34. b4 Rf4 35. a3 g3 36. Ng2 Rf2+ 37. Kd3 Rf3+ 38. Kc4 Rxa3 39. Rd3 Rxd3 40. Kxd3 Kf7 41. Ke4 Ke6 42. Kf3 Bf2 43. Nf4+ Kd6 44. Nd3 Bd4 45. Kxg3 Kd5 46. Kf3 Kc4 47. Ke2 Kc3 48. b5 Bg7 49. Nc1 Kc4 50. Kd2 Kxb5 51. Kc2 Ka4 52. Na2 Ka3 53. Nc3 a5 54. Nd5 Bd4 55. Kd3 Bf2 56. Kc4 Be1 57. Kb5 Kb3 58. Nb6 1/2-1/2

[Event "Landesliga Sued 1112"]
[Site "Bayern"]
[Date "2012.03.18"]
[Round "8.4"]
[White "Eggerer, Stefan"]
[Black "Jussupow, Ekaterina"]
[Result "1-0"]
[WhiteElo "2136"]
[BlackElo "2178"]
[PlyCount "55"]
[EventDate "2011.10.02"]
[EventType "team-tourn"]
[EventRounds "9"]
[EventCountry "GER"]
[SourceTitle "EXT 2015"]
[Source "ChessBase"]
[SourceDate "2014.11.20"]
[SourceVersion "1"]
[SourceVersionDate "2014.11.20"]
[SourceQuality "1"]
[WhiteTeam "Freising"]
[BlackTeam "Krumbach"]
[WhiteTeamCountry "GER"]
[BlackTeamCountry "GER"]

1. e4 e5 2. Nf3 Nc6 3. Bb5 Nf6 4. 0-0 d6 5. d4 Bd7 6. Nc3 Be7 7. Bxc6 Bxc6 8. Qd3 exd4 9. Nxd4 Bd7 10. b3 0-0 11. Bb2 c6 12. a4 Ng4 13. Ba3 Qa5 14. f4 Rfe8 15. h3 Nf6 16. Rfe1 Rad8 17. e5 dxe5 18. Rxe5 c5 19. b4 Qc7 20. bxc5 Bf8 21. Rae1 b6 22. cxb6 Qxb6 23. a5 Qc7 24. Bxf8 Kxf8 25. Qe3 Qc4 26. Ncb5 Nd5 27. Rxe8+ Rxe8 28. Qxe8+ 1-0

[Event "Landesliga Sued 1112"]
[Site "Bayern"]
[Date "2012.02.05"]
[Round "6.4"]
[White "Eggerer, Stefan"]
[Black "Rasch, Gerhard"]
[Result "1/2-1/2"]
[WhiteElo "2136"]
[BlackElo "2031"]
[PlyCount "93"]
[EventDate "2011.10.02"]
[EventType "team-tourn"]
[EventRounds "9"]
[EventCountry "GER"]
[SourceTitle "EXT 2013"]
[Source "ChessBase"]
[SourceDate "2012.11.22"]
[SourceVersion "1"]
[SourceVersionDate "2012.11.22"]
[SourceQuality "1"]
[WhiteTeam "Freising"]
[BlackTeam "Muenchen Tarrasch II"]
[WhiteTeamCountry "GER"]
[BlackTeamCountry "GER"]

1. e4 e6 2. d4 d5 3. Nc3 Bb4 4. exd5 exd5 5. Bd3 Ne7 6. Qf3 Nbc6 7. Nge2 Be6 8. h3 Qd7 9. Bd2 0-0-0 10. g4 f6 11. 0-0-0 Kb8 12. a3 Ba5 13. Na4 Bxd2+ 14. Rxd2 Bf7 15. Nc5 Qd6 16. c3 Ng6 17. h4 Rhe8 18. Bc2 Na5 19. h5 Nf8 20. Ng3 Nc4 21. Rdd1 g6 22. Bd3 Nb6 23. hxg6 hxg6 24. Rh6 Nbd7 25. Nb3 Re6 26. Ne2 g5 27. Ng3 Ree8 28. Kb1 Qb6 29. Nc5 Nxc5 30. Rxf6 Be6 31. dxc5 Qxc5 32. Bf5 c6 33. Ne2 Bxf5+ 34. Rxf5 Ne6 35. Nc1 Rf8 36. Nd3 Qd6 37. Re1 Ng7 38. Rf7 Rxf7 39. Qxf7 Rd7 40. Qf3 b6 41. Qg3 Qxg3 42. fxg3 Kc7 43. Re5 d4 44. Kc2 dxc3 45. Kxc3 Rd5 46. Re7+ Rd7 47. Re5 1/2-1/2

[Event "Landesliga Sued 1112"]
[Site "Bayern"]
[Date "2011.10.23"]
[Round "2.2"]
[White "Eggerer, Stefan"]
[Black "Safyanovsky, Mark"]
[Result "1/2-1/2"]
[WhiteElo "2136"]
[BlackElo "2152"]
[PlyCount "91"]
[EventDate "2011.10.02"]
[EventType "team-tourn"]
[EventRounds "9"]
[EventCountry "GER"]
[SourceTitle "EXT 2013"]
[Source "ChessBase"]
[SourceDate "2012.11.22"]
[SourceVersion "1"]
[SourceVersionDate "2012.11.22"]
[SourceQuality "1"]
[WhiteTeam "Freising"]
[BlackTeam "Haunstetten"]
[WhiteTeamCountry "GER"]
[BlackTeamCountry "GER"]

1. e4 g6 2. d4 Bg7 3. Nc3 d6 4. g3 Nf6 5. Bg2 0-0 6. Nge2 e5 7. h3 Nc6 8. Be3 Nd7 9. 0-0 Nb6 10. b3 f5 11. dxe5 Bxe5 12. f4 Bg7 13. Qd2 fxe4 14. Rad1 Be6 15. Nxe4 Qe7 16. Ng5 Bd7 17. Rfe1 Rae8 18. Nc3 Qf6 19. Nb5 Rc8 20. Bxb6 axb6 21. Bd5+ Kh8 22. Ne6 Bxe6 23. Bxe6 Ra8 24. a4 Qd8 25. Qg2 Rb8 26. Kh1 Nb4 27. Re4 Na6 28. b4 Qf6 29. c3 h6 30. Bb3 d5 31. Re3 c6 32. Na3 Rbe8 33. Rde1 Nc7 34. Nc2 Rxe3 35. Rxe3 Re8 36. Rxe8+ Nxe8 37. Nd4 Qe7 38. Qe2 Qxe2 39. Nxe2 Nd6 40. Bc2 g5 41. fxg5 hxg5 42. Kg2 Nc4 43. Kf3 Ne5+ 44. Kf2 Bf6 45. Bf5 Nc4 46. Bc8 1/2-1/2

[Event "Regionalliga SO 0304"]
[Site "Bayern"]
[Date "2004.04.25"]
[Round "9.4"]
[White "Eggerer, Stefan"]
[Black "Wehr, Stephan"]
[Result "1-0"]
[WhiteElo "2082"]
[BlackElo "2125"]
[PlyCount "85"]
[EventDate "2003.10.??"]
[EventType "team-tourn"]
[EventRounds "9"]
[EventCountry "GER"]
[SourceTitle "EXT 2006"]
[Source "ChessBase"]
[SourceDate "2005.11.24"]
[SourceVersion "1"]
[SourceVersionDate "2005.11.24"]
[SourceQuality "1"]
[WhiteTeam "Freising"]
[BlackTeam "Starnberg"]
[WhiteTeamCountry "GER"]
[BlackTeamCountry "GER"]

1. e4 c5 2. Nf3 e6 3. c4 d6 4. d4 cxd4 5. Nxd4 Nf6 6. Nc3 Be7 7. Be2 0-0 8. 0-0 a6 9. Be3 Qc7 10. Rc1 b6 11. f3 Bb7 12. Qe1 Nbd7 13. Qf2 Rab8 14. Rfd1 Ba8 15. Rc2 Ne5 16. b3 Rfe8 17. Kh1 Bf8 18. Bf1 Nfd7 19. Na4 Nc6 20. Nb5 axb5 21. cxb5 Nc5 22. bxc6 Bxc6 23. Nc3 Qb7 24. b4 Na4 25. b5 Nxc3 26. Rxc3 Bd7 27. Rdc1 Rec8 28. Rxc8 Rxc8 29. Rxc8 Bxc8 30. Bxb6 d5 31. Bd3 Qa8 32. Qc2 g6 33. a4 Bb7 34. a5 dxe4 35. Bxe4 Bd5 36. a6 Qb8 37. Qc7 Qe8 38. Bd3 e5 39. Qd8 Qxd8 40. Bxd8 Bc5 41. b6 f5 42. b7 Bd6 43. Bc4 1-0

[Event "Regionalliga SO 0304"]
[Site "Bayern"]
[Date "2004.03.28"]
[Round "8.4"]
[White "Huber, Hans"]
[Black "Eggerer, Stefan"]
[Result "0-1"]
[WhiteElo "1929"]
[BlackElo "2082"]
[PlyCount "54"]
[EventDate "2003.10.??"]
[EventType "team-tourn"]
[EventRounds "9"]
[EventCountry "GER"]
[SourceTitle "EXT 2006"]
[Source "ChessBase"]
[SourceDate "2005.11.24"]
[SourceVersion "1"]
[SourceVersionDate "2005.11.24"]
[SourceQuality "1"]
[WhiteTeam "Trostberg"]
[BlackTeam "Freising"]
[WhiteTeamCountry "GER"]
[BlackTeamCountry "GER"]

1. Nf3 c5 2. g3 Nc6 3. Bg2 g6 4. c4 Bg7 5. 0-0 e6 6. d3 Nge7 7. Nc3 0-0 8. Bd2 d5 9. cxd5 exd5 10. Rc1 d4 11. Na4 b6 12. a3 a5 13. Qb3 Ra6 14. Bg5 Be6 15. Qb5 Qc8 16. Bxe7 Nxe7 17. Ng5 Bd7 18. Qb3 Qe8 19. Nxc5 bxc5 20. Rxc5 Qb8 21. Qc2 Rc8 22. Rxc8+ Qxc8 23. Qb3 Be8 24. Bb7 Qb8 25. Rc1 Ra7 26. Bd5 Qxb3 27. Bxb3 Rb7 0-1

[Event "Regionalliga SO 0304"]
[Site "Bayern"]
[Date "2003.10.12"]
[Round "1.5"]
[White "Eggerer, Stefan"]
[Black "Mueller, Michael3"]
[Result "0-1"]
[WhiteElo "2082"]
[BlackElo "2050"]
[PlyCount "78"]
[EventDate "2003.10.??"]
[EventType "team-tourn"]
[EventRounds "9"]
[EventCountry "GER"]
[SourceTitle "EXT 2006"]
[Source "ChessBase"]
[SourceDate "2005.11.24"]
[SourceVersion "1"]
[SourceVersionDate "2005.11.24"]
[SourceQuality "1"]
[WhiteTeam "Freising"]
[BlackTeam "Bayerwald"]
[WhiteTeamCountry "GER"]
[BlackTeamCountry "GER"]

1. e4 d6 2. d4 e5 3. Nf3 Nf6 4. Nc3 Nbd7 5. g3 Be7 6. Bg2 c6 7. a4 b6 8. 0-0 a6 9. Nh4 0-0 10. Nf5 Re8 11. Nxe7+ Qxe7 12. Be3 Bb7 13. f3 Rad8 14. Rb1 exd4 15. Bxd4 c5 16. Bf2 Ne5 17. Nd5 Nxd5 18. exd5 Qd7 19. b3 b5 20. axb5 axb5 21. h3 Qc8 22. f4 Nd7 23. b4 Qa8 24. bxc5 Nxc5 25. Rxb5 Ne4 26. Qd4 Nxf2 27. Ra1 Qc8 28. Qxf2 Ba6 29. Rba5 Be2 30. R1a2 Bc4 31. Rb2 Re2 32. Qd4 Rde8 33. Ra4 Rxg2+ 34. Kxg2 Bf1+ 35. Kg1 Qxh3 36. Qf2 h5 37. Qh2 Qg4 38. Ra3 Qd1 39. c4 Bh3+ 0-1

[Event "Regionalliga SO 9899"]
[Site "Bayern"]
[Date "1999.??.??"]
[Round "7.2"]
[White "Hartl, Aldo"]
[Black "Eggerer, Stefan"]
[Result "1/2-1/2"]
[WhiteElo "2125"]
[BlackElo "2090"]
[PlyCount "55"]
[EventDate "1998.??.??"]
[EventType "team-tourn"]
[EventRounds "9"]
[EventCountry "GER"]
[SourceTitle "EXT 2020"]
[Source "ChessBase"]
[SourceDate "2019.10.17"]
[SourceVersion "1"]
[SourceVersionDate "2019.10.17"]
[SourceQuality "1"]
[WhiteTeam "Trostberg TSV"]
[BlackTeam "Freising SK"]
[WhiteTeamCountry "GER"]
[BlackTeamCountry "GER"]

1. e4 e5 2. Nf3 Nc6 3. Bb5 a6 4. Ba4 Nf6 5. 0-0 Be7 6. Qe2 b5 7. Bb3 0-0 8. c3 d5 9. d3 dxe4 10. dxe4 Bc5 11. a4 Rb8 12. axb5 axb5 13. Rd1 Qe7 14. Bg5 h6 15. Be3 Bxe3 16. Qxe3 Bb7 17. Nh4 Rfd8 18. Nd2 Kh7 19. Nf5 Qf8 20. Qf3 Nd7 21. Nf1 Nc5 22. Bd5 g6 23. N5e3 Kg7 24. Qg3 Nd7 25. f3 Kh7 26. Rd2 Qe7 27. Rad1 Nf6 28. Ba2 1/2-1/2

[Event "Regionalliga SO 9798"]
[Site "Bayern"]
[Date "1998.??.??"]
[Round "?.2"]
[White "Eggerer, Stefan"]
[Black "Krause, Christian"]
[Result "1/2-1/2"]
[WhiteElo "2080"]
[BlackElo "1997"]
[PlyCount "181"]
[EventDate "1997.10.19"]
[EventType "team-tourn"]
[EventRounds "9"]
[EventCountry "GER"]
[SourceTitle "EXT 2020"]
[Source "ChessBase"]
[SourceDate "2019.10.17"]
[SourceVersion "1"]
[SourceVersionDate "2019.10.17"]
[SourceQuality "1"]
[WhiteTeam "Freising SK"]
[BlackTeam "Dorfen PSV"]
[WhiteTeamCountry "GER"]
[BlackTeamCountry "GER"]

1. e4 d6 2. d4 Nf6 3. Nd2 g6 4. Ngf3 Bg7 5. Be2 0-0 6. 0-0 Nc6 7. c3 e5 8. Qc2 Nd7 9. Nb3 a5 10. Bg5 Qe8 11. a4 Nf6 12. dxe5 Nxe5 13. Nfd4 c6 14. h3 Ned7 15. Rfe1 Nb6 16. Bf1 Be6 17. Nxe6 Qxe6 18. Rad1 Rfe8 19. Bf4 Bf8 20. e5 Nfd5 21. exd6 Qf6 22. Rxe8 Rxe8 23. Bg3 Bxd6 24. Bxd6 Qxd6 25. Nxa5 Qf4 26. Rd4 Qc7 27. Nb3 c5 28. Re4 Rd8 29. Nd2 Nf6 30. Re2 Nbd5 31. Nc4 Nf4 32. Rd2 Re8 33. g3 N4h5 34. Re2 Rd8 35. Rd2 Re8 36. Re2 Rd8 37. Ne3 Qd7 38. Bg2 b6 39. Nc4 Qc7 40. Qb3 Nd5 41. Bxd5 Rxd5 42. Re8+ Kg7 43. Nxb6 Rd3 44. Nc4 Nxg3 45. Ne5 Ne2+ 46. Kf1 Nd4 47. Qd5 Rd1+ 48. Kg2 Ne6 49. Qxd1 Qxe5 50. Kf1 Qf5 51. Qg4 Qb1+ 52. Kg2 Qxb2 53. Qg3 Qe2 54. Qe3 Qc4 55. a5 Qd5+ 56. Kh2 c4 57. Rc8 Qxa5 58. Rxc4 Qd5 59. Ra4 Qd6+ 60. Qg3 Qc5 61. Ra1 h6 62. Re1 Qc6 63. Qd3 g5 64. c4 Qc7+ 65. Kg1 Nf4 66. Qd4+ Kg6 67. Re3 Qc6 68. Qe4+ Qxe4 69. Rxe4 Nxh3+ 70. Kf1 Nf4 71. c5 Kf6 72. c6 Ne6 73. Rd4 Ke7 74. Rd7+ Ke8 75. Ra7 h5 76. Kg2 Nf4+ 77. Kh2 Ne6 78. c7 Kd7 79. c8Q+ Kxc8 80. Rxf7 Kd8 81. Kg3 Ke8 82. Ra7 Kf8 83. Kf3 Nf4 84. Ra5 Ne6 85. Ke4 h4 86. Kf5 Nf4 87. Kxg5 Nd3 88. Kxh4 Kg7 89. f3 Ne1 90. Kg4 Ng2 91. f4 1/2-1/2

[Event "Regionalliga SO 9697"]
[Site "Bayern"]
[Date "1997.05.04"]
[Round "9"]
[White "Eggerer, Stefan"]
[Black "Mittermeier, Josef"]
[Result "1-0"]
[WhiteElo "1965"]
[BlackElo "1930"]
[PlyCount "74"]
[EventDate "1996.10.13"]
[EventType "team-tourn"]
[EventRounds "9"]
[EventCountry "GER"]
[SourceTitle "EXT 1999"]
[Source "ChessBase"]
[SourceDate "1998.11.16"]
[SourceVersion "1"]
[SourceVersionDate "1998.11.16"]
[SourceQuality "1"]
[WhiteTeam "Freising SK"]
[BlackTeam "Dorfen PSV"]
[WhiteTeamCountry "GER"]
[BlackTeamCountry "GER"]

1. e4 e5 2. Nf3 Nc6 3. Bb5 a6 4. Ba4 Nf6 5. 0-0 b5 6. Bb3 Bb7 7. Nc3 Bc5 8. d3 d6 9. a4 bxa4 10. Bxa4 0-0 11. Ne2 h6 12. Ng3 Re8 13. Bd2 d5 14. Bc3 g6 15. Bxc6 Bxc6 16. Nxe5 Bb7 17. Ng4 Nxg4 18. Qxg4 Bc8 19. Qf3 d4 20. Bd2 h5 21. Qd1 h4 22. Ne2 f5 23. f3 fxe4 24. fxe4 Bg4 25. h3 Bh5 26. Kh1 Qe7 27. Qe1 Bd6 28. Bf4 Rf8 29. Qd2 Rxf4 30. Nxf4 Qe5 31. g3 hxg3 32. Qg2 Qxf4 33. Rxf4 Bxf4 34. Rf1 g5 35. e5 Rf8 36. e6 Re8 37. Qd5 c5 1-0

[Event "Regionalliga SO 9697"]
[Site "Bayern"]
[Date "1997.04.13"]
[Round "8"]
[White "Farsakh, Christof"]
[Black "Eggerer, Stefan"]
[Result "0-1"]
[WhiteElo "2070"]
[BlackElo "1965"]
[PlyCount "68"]
[EventDate "1996.10.13"]
[EventType "team-tourn"]
[EventRounds "9"]
[EventCountry "GER"]
[SourceTitle "EXT 1999"]
[Source "ChessBase"]
[SourceDate "1998.11.16"]
[SourceVersion "1"]
[SourceVersionDate "1998.11.16"]
[SourceQuality "1"]
[WhiteTeam "Unterpfaff Germering"]
[BlackTeam "Freising SK"]
[WhiteTeamCountry "GER"]
[BlackTeamCountry "GER"]

1. c4 Nf6 2. Nc3 e6 3. g3 c5 4. Bg2 d5 5. d3 Be7 6. Nf3 0-0 7. b3 Nc6 8. 0-0 b6 9. a3 Bb7 10. Bd2 Qd7 11. Qb1 Nd4 12. Ne5 Qc7 13. f4 a6 14. e3 Nf5 15. e4 dxe4 16. dxe4 Nd4 17. h3 Rad8 18. Be3 Nd7 19. Nf3 Nb8 20. Ra2 Nbc6 21. Rb2 Nxf3+ 22. Bxf3 Nd4 23. Bg2 Rd7 24. Rd2 Rfd8 25. Rfd1 Bf8 26. Kf2 f6 27. h4 b5 28. cxb5 axb5 29. Bxd4 cxd4 30. Nxb5 Qb6 31. a4 d3+ 32. Kf1 Qe3 33. b4 Bxe4 34. Bxe4 Qxe4 0-1

[Event "Regionalliga SO 9798"]
[Site "Bayern"]
[Date "1997.??.??"]
[Round "?.2"]
[White "Kuenzner, Franz"]
[Black "Eggerer, Stefan"]
[Result "1/2-1/2"]
[WhiteElo "2355"]
[BlackElo "2080"]
[PlyCount "122"]
[EventDate "1997.10.19"]
[EventType "team-tourn"]
[EventRounds "9"]
[EventCountry "GER"]
[SourceTitle "EXT 2020"]
[Source "ChessBase"]
[SourceDate "2019.10.17"]
[SourceVersion "1"]
[SourceVersionDate "2019.10.17"]
[SourceQuality "1"]
[WhiteTeam "Trostberg TSV"]
[BlackTeam "Freising SK"]
[WhiteTeamCountry "GER"]
[BlackTeamCountry "GER"]

1. f4 Nf6 2. Nf3 g6 3. e3 Bg7 4. Be2 0-0 5. 0-0 d6 6. d4 Nc6 7. c4 a5 8. Nc3 Re8 9. e4 e5 10. dxe5 dxe5 11. Qxd8 Rxd8 12. fxe5 Ng4 13. Bg5 Rd7 14. Nd5 Ncxe5 15. Nxe5 Nxe5 16. Bf6 Ra6 17. c5 Re6 18. Bxg7 Kxg7 19. Rf2 b6 20. c6 Rd8 21. Bb5 Nxc6 22. Nxc7 Red6 23. Rc1 Bb7 24. Rcf1 f6 25. e5 fxe5 26. Bc4 Nd4 27. Rf7+ Kh6 28. Nb5 R6d7 29. Nd6 Rxd6 30. Rxb7 R8d7 31. Rb8 Nf5 32. Re8 Ne3 33. Bb5 Rd1 34. Rxd1 Rxd1+ 35. Kf2 Rd5 36. Kxe3 Rxb5 37. b3 Kg5 38. Ke4 Kf6 39. Rb8 h5 40. Rf8+ Ke7 41. Rg8 Kf7 42. Rc8 a4 43. Rc7+ Kf6 44. Rc6+ Kg5 45. bxa4 Rb2 46. h4+ Kxh4 47. Rxg6 Rxa2 48. Kxe5 Rxa4 49. Rxb6 Rg4 50. Rh6 Rxg2 51. Kf4 Rf2+ 52. Ke3 Rf8 53. Rh7 Kg4 54. Rg7+ Kh3 55. Ke2 h4 56. Rg6 Kh2 57. Rg4 h3 58. Rg7 Ra8 59. Kf1 Ra1+ 60. Kf2 Ra2+ 61. Kf1 Ra1+ 1/2-1/2